| 000 | 00462nam a22001691a 4500 | ||
|---|---|---|---|
| 020 | _a9788170173564 | ||
| 082 |
_a751.73 _bSUK/P |
||
| 100 | _aSukh Dev Singh Charak | ||
| 245 |
_aPahari styles of Indian murals/ _cby Sukh Dev Singh Charak and Anita K Billawaria |
||
| 260 |
_aNew Delhi: _bAbhinav Publications, _c1998. |
||
| 300 | _a156p. | ||
| 650 | _aPainting Mural | ||
| 650 | _aPainting | ||
| 650 | _aArts | ||
| 700 | _aAnita K Billawaria | ||
| 942 | _cBK | ||
| 999 |
_c33092 _d33092 |
||